Advanced genetics / (Record no. 192192)
[ view plain ]
| 000 -LEADER | |
|---|---|
| fixed length control field | 00622nam a2200217Ia 4500 |
| 005 - DATE AND TIME OF LATEST TRANSACTION | |
| control field | 20220914112653.0 |
| 008 - FIXED-LENGTH DATA ELEMENTS--GENERAL INFORMATION | |
| fixed length control field | 210716s2007 xx 000 0 und d |
| 020 ## - INTERNATIONAL STANDARD BOOK NUMBER | |
| International Standard Book Number | 9788173197987 |
| 040 ## - CATALOGING SOURCE | |
| Transcribing agency | AIMIT LIBRARY |
| 041 ## - LANGUAGE CODE | |
| Language code of text/sound track or separate title | eng |
| 082 ## - DEWEY DECIMAL CLASSIFICATION NUMBER | |
| Classification number | 575.1 |
| Edition number | 2 |
| Item number | MIGG |
| 100 ## - MAIN ENTRY--PERSONAL NAME | |
| Personal name | Miglani, G S. |
| 9 (RLIN) | 57435 |
| 245 ## - TITLE STATEMENT | |
| Title | Advanced genetics / |
| Statement of responsibility, etc. | By G S Miglani |
| 250 ## - EDITION STATEMENT | |
| Edition statement | 2nd ed. |
| 260 ## - PUBLICATION, DISTRIBUTION, ETC. | |
| Place of publication, distribution, etc. | New Delhi : |
| Name of publisher, distributor, etc. | Narosa Publishing House , |
| Date of publication, distribution, etc. | 2007. |
| 300 ## - PHYSICAL DESCRIPTION | |
| Extent | xix, 743p. ; |
| Dimensions | 24 cm. |
| 650 ## - SUBJECT ADDED ENTRY--TOPICAL TERM | |
| Topical term or geographic name entry element | DNA damage |
| 9 (RLIN) | 57436 |
| 650 ## - SUBJECT ADDED ENTRY--TOPICAL TERM | |
| Topical term or geographic name entry element | Specialised chromosomes |
| 9 (RLIN) | 57437 |
| 650 ## - SUBJECT ADDED ENTRY--TOPICAL TERM | |
| Source of heading or term | Genetic engi meering |
| 942 ## - ADDED ENTRY ELEMENTS (KOHA) | |
| Source of classification or shelving scheme | Dewey Decimal Classification |
| Koha item type | Book |
| Edition | 2nd |
| Call number prefix | 575.1 MICG |
| Withdrawn status | Lost status | Source of classification or shelving scheme | Damaged status | Not for loan | Collection code | Home library | Current library | Source of acquisition | Cost, normal purchase price | Inventory number | Total Checkouts | Full call number | Barcode | Date last seen | Date last checked out | Cost, replacement price | Price effective from | Koha item type |
|---|---|---|---|---|---|---|---|---|---|---|---|---|---|---|---|---|---|---|
| Dewey Decimal Classification | MCA | St Aloysius Institute of Management & Information Technology | St Aloysius Institute of Management & Information Technology | Narosa Book Distributors | 425.00 | Bill no:61961; Bill dt:2012-02-0 | 3 | 575.1 MIGG | MCA11700 | 07/21/2025 | 10/26/2024 | 318.75 | 07/16/2021 | Book | ||||
| Dewey Decimal Classification | MCA | St Aloysius Institute of Management & Information Technology | St Aloysius Institute of Management & Information Technology | Narosa Book Distributors | 465.00 | Bill no:67454; Bill dt:2015-05-2 | 575.1 MIGG | MCA14187 | 07/21/2025 | 348.75 | 07/16/2021 | Book |